000 00595nam a2200229Ia 4500
003 OSt
005 20220928102513.0
006 a|||||r|||| 00| 0
007 ta
008 220927b |||||||| |||| 00| 0 eng d
024 _a29419
037 _cTextual
040 _aSDCL
_cSDCL
_beng
041 _2eng
_aeng
082 _aQ22:223, M7
100 _aShastri Sadhuram
_9398611
245 0 _aSrimadbhagawatamritam.
260 _aDelhi
_bDeepti Publication
_c1987
300 _a162p.
_ccm.
942 _hQ22:223, M7
_cTEXL
_2CC
999 _c714475
_d714475